000 00388nam a2200157Ia 4500
003 LK-CoDNM
008 010623t1969 xxu||||| |||| 00| 1 eng d
040 _aLK-CoDNM
_dLK-CoDNM
_eLK-CoDNM
041 _aeng
080 _a(X) 042
_bPEI
100 _aPeiris,G.L.
245 _aSelected Speeches
260 _bDept of Information
_aColombo
_c[1968]
300 _b114p., 24 cm
942 _cBK
999 _c108045
_d108045